| 000 | 00433nam a2200193Ia 4500 | ||
|---|---|---|---|
| 008 | 210210b2007 xxu||||| |||| 00| 0 eng d | ||
| 020 | _a8189012398 | ||
| 041 | _aeng | ||
| 082 | _a793.73 IYEQ | ||
| 100 | _aIYER (Vijayalakshmi) | ||
| 245 | _aQuiz on literature | ||
| 260 |
_aDelhi _bNot Mentioned _c2007 |
||
| 300 | _avi,152 | ||
| 650 | _aQuiz | ||
| 650 | _aon | ||
| 650 | _aliterature | ||
| 690 | _aQuiz | ||
| 906 | _a062382 | ||
| 999 |
_c117529 _d117529 |
||